Estudio y prediseño para el tratamiento de los efluentes de granjas camaroneras en el río Estéreo Real
Presenta un estudio en la variación de la calidad del agua en el estero real para prediseñar un tratamiento a los efluentes de las camaroneras que se encuentran en el rió. Describe un análisis cualitativo y cuantitativo del comportamiento de los parámetros fisicoquímicos de las aguas del rió...
| Main Authors: | , |
|---|---|
| Other Authors: | |
| Format: | Tesis Section = Libro |
| Language: | Undetermined Spanish |
| Published: |
Managua
UNI
2004
|
| Subjects: |
| LEADER | 01403nam a2200265Ia 4500 | ||
|---|---|---|---|
| 008 | 240830s9999 xx 000 0 und d | ||
| 040 | |a BIBLIOTECA-RUSB/ Mon 628.3 L864 | ||
| 041 | |a spa | ||
| 082 | |a Mon 628.3 L864 | ||
| 100 | 1 | |a López, Carlos Andrés | |
| 100 | 1 | |b Espinoza Beteta Wilmer Asdrúbal | |
| 245 | 1 | 0 | |a Estudio y prediseño para el tratamiento de los efluentes de granjas camaroneras en el río Estéreo Real |
| 260 | |a Managua |b UNI |c 2004 | ||
| 300 | |a 108 p. :il. | ||
| 500 | |a Contiene: anexos. | ||
| 502 | |a Tesis (Ingeniero Químico) - UNI, 2004. | ||
| 520 | 3 | |a Presenta un estudio en la variación de la calidad del agua en el estero real para prediseñar un tratamiento a los efluentes de las camaroneras que se encuentran en el rió. Describe un análisis cualitativo y cuantitativo del comportamiento de los parámetros fisicoquímicos de las aguas del rió Estero Real para el período comprendido entre los años 2001-2002.Determina las posibles fuentes de contaminación del agua, en cada uno de los puertos de muestreo situados a lo largo del rió. | |
| 650 | 7 | |a TRATAMIENTO Y ELIMINACION AGUAS NEGRAS - GRANJAS | |
| 650 | 7 | |b CAMARONERAS | |
| 650 | 7 | |c CULTIVO DE CAMARON - MONITOREO AMBIENTAL | |
| 650 | 7 | |d IMPACTO AMBIENTAL - CONTAMINACION DEL AGUA | |
| 700 | 1 | |a Tutor: |b García Granados, Indiana | |
| 942 | |c BK |2 ddc | ||
| 991 | |a TESIS | ||
| 999 | |c 20480 | ||